Discursos... en el Congreso de los Diputados... / (Record no. 190102)

MARC details
000 -LEADER
campo de control de longitud fija 00924nam a2200205 i 4500
001 - NÚMERO DE CONTROL
campo de control 190102
003 - IDENTIFICADOR DE NÚMERO DE CONTROL
campo de control ES-MaACL
005 - FECHA Y HORA DE LA ÚLTIMA TRANSACCIÓN
campo de control 20250909200115.0
008 - DATOS DE LONGITUD FIJA--INFORMACIÓN GENERAL
campo de control de longitud fija 200729s1895 sp |||| | spa d
245 00 - MENCIÓN DEL TÍTULO
Título Discursos... en el Congreso de los Diputados... /
Mención de responsabilidad, etc. por... D. Gumersindo de Azcárate, D. Antonio Maura y Montaner, D. Francisco Romero Robledo.. y D. Antonio Barroso y Castillo con motivo de la discusión del presupuesto de establecimientos penitenciarios.
260 ## - PUBLICACIÓN, DISTRIBUCIÓN, ETC.
Lugar de publicación, distribución, etc. Madrid :
Nombre del editor, distribuidor, etc. [s.n.],
Fecha de publicación, distribución, etc. 1895.
650 #4 - PUNTO DE ACCESO ADICIONAL DE MATERIA--TÉRMINO DE MATERIA
Término de materia o nombre geográfico como elemento de entrada Establecimientos penitenciarios-
Subdivisión geográfica España.
9 (RLIN) 145832
650 #4 - PUNTO DE ACCESO ADICIONAL DE MATERIA--TÉRMINO DE MATERIA
Término de materia o nombre geográfico como elemento de entrada Presupuestos-
Subdivisión geográfica España.
9 (RLIN) 152607
700 1# - ENTRADA AGREGADA--NOMBRE PERSONAL
Nombre de persona Azcárate, Gumersindo de,
Fechas asociadas al nombre 1840-1917
9 (RLIN) 24243
700 1# - ENTRADA AGREGADA--NOMBRE PERSONAL
Nombre de persona Maura y Montaner, Antonio,
Fechas asociadas al nombre 1853-1925
9 (RLIN) 79224
700 1# - ENTRADA AGREGADA--NOMBRE PERSONAL
Nombre de persona Romero Robledo, Francisco,
Fechas asociadas al nombre 1838-1906
9 (RLIN) 99432
700 1# - ENTRADA AGREGADA--NOMBRE PERSONAL
Nombre de persona Barroso y Castillo, Antonio.
9 (RLIN) 170213
852 ## - LOCALIZACIÓN
Ubicación ES-MaACL
Número de control de estantería T-795-F-6
Holdings
Estatus retirado Estado de pérdida Estado de daño No para préstamo Colección Biblioteca de origen Biblioteca actual Ubicación en estantería Fecha de adquisición Fuente de adquisición Total de préstamos Signatura topográfica completa Código de barras Visto por última vez Precio de reemplazo Tipo de ítem Koha
        Colección de folletos Biblioteca del Ateneo de Madrid Biblioteca del Ateneo de Madrid Depósito folletos 02/04/2005     T-795-F-6 1201790 23/02/2023 23/02/2023 Folleto